Consumo de sustancias y suicidios en México: resultados del Sistema de Vigilancia Epidemiológica de las Adicciones, 1997-2006 /
El presente es un estudio que evidencia la relación existente entre el consumo de drogas y el número de sustancias, y la perpetración del suicidio, pues entre más diverso y mayor es el consumo de sustancias, existe mayor probabilidad de muerte por suicidio, tanto en hombres como en mujeres, identifi...
Αποθηκεύτηκε σε:
| Κύριος συγγραφέας: | |
|---|---|
| Άλλοι συγγραφείς: | , |
| Μορφή: | Κείμενο |
| Θέματα: | |
| Διαθέσιμο Online: | rocampo@dgepi.salud.gob.mx |
| Ετικέτες: |
Προσθήκη ετικέτας
Δεν υπάρχουν, Καταχωρήστε ετικέτα πρώτοι!
|
MARC
| LEADER | 00000 a a2200000 04500 | ||
|---|---|---|---|
| 001 | 40027 | ||
| 003 | |||
| 040 | |||
| 100 | |a Ocampo, René | ||
| 245 | |a Consumo de sustancias y suicidios en México: |b resultados del Sistema de Vigilancia Epidemiológica de las Adicciones, 1997-2006 / |c René Ocampo, Letza Bojorquez, Mario Cortés | ||
| 520 | 4 | |a El presente es un estudio que evidencia la relación existente entre el consumo de drogas y el número de sustancias, y la perpetración del suicidio, pues entre más diverso y mayor es el consumo de sustancias, existe mayor probabilidad de muerte por suicidio, tanto en hombres como en mujeres, identificando el alcohol como la sustancia más relacionada al tema. A su vez, se identificaron, otros de los factores de riesgo para la conducta suicida, como lo son la presencia de trastornos mentales, de personalidad y de depresión.Entre los resultados más relevantes se encuentra, que el suicidio se presenta en una mayor proporción entre los 29 y 39 años, en la etapa de escolaridad secundaria, y principalmente en las personas solteras. | |
| 590 | |a SJB/SETIEMBRE2010 | ||
| 650 | |a SUICIDIO | ||
| 650 | |a DROGAS DE USO INDEBIDO | ||
| 650 | |a ALCOHOL | ||
| 650 | |a CANNABIS | ||
| 650 | |a OPIO | ||
| 650 | |a ESTUPEFACIENTES | ||
| 650 | |a MEXICO | ||
| 700 | |a Bojorquez, Letza | ||
| 700 | |a Cortés, Mario | ||
| 773 | |g volumen51, número4 (2009), páginas 306-313 : tablas | ||
| 856 | |u rocampo@dgepi.salud.gob.mx | ||
| 999 | |c 24246 |d 24246 | ||
